[Event "European Blitz 2022"]
[Site "Katowice POL"]
[Date "2022.12.16"]
[Round "9.45"]
[White "Ulasevich, Sergei"]
[Black "Kuzmicz, Krystian"]
[Result "0-1"]
[WhiteTitle "CM"]
[BlackTitle "IM"]
[WhiteElo "2236"]
[BlackElo "2466"]
[WhiteFideId "13505629"]
[BlackFideId "1119125"]
[EventDate "2022.12.16"]

1. e4 c5 2. Nf3 e6 3. g3 Nc6 4. Bg2 Nf6 5. Qe2 e5 6. O-O Be7 7. c3 d6 8. Rd1 O-O
9. d4 cxd4 10. cxd4 exd4 11. Nxd4 Nxd4 12. Rxd4 Bg4 13. Qb5 Qc7 14. Bf4 a6 15.
Qd3 Rfd8 16. Nc3 Be6 17. Rc1 Qb6 18. Na4 Qa5 19. b3 Rac8 20. Rxc8 Rxc8 21. Bd2
Qh5 22. Nb6 Qd1+ 23. Bf1 Rc2 24. a4 Bh3 25. Be3 Qxd3 26. Bxd3 Ra2 27. Rc4 h6 28.
Rc7 Bd8 29. Rc1 Bxb6 30. Bxb6 Nd7 31. Be3 Ne5 32. Bf1 Bg4 33. h3 Bf3 34. Bd4
Bxe4 35. Re1 Nf3+ 0-1

[Event "European Blitz 2022"]
[Site "Katowice POL"]
[Date "2022.12.16"]
[Round "9.46"]
[White "Kracht, Raphael"]
[Black "Paehtz, Thomas"]
[Result "0-1"]
[BlackTitle "GM"]
[WhiteElo "2124"]
[BlackElo "2339"]
[WhiteFideId "16214382"]
[BlackFideId "4611349"]
[EventDate "2022.12.16"]

1. e4 g6 2. d4 Bg7 3. Nc3 d6 4. f4 Nf6 5. Nf3 O-O 6. e5 dxe5 7. fxe5 Nd5 8. Bc4
Nb6 9. Bb3 Nc6 10. O-O Na5 11. Be3 Nxb3 12. axb3 c6 13. Bf2 Nd5 14. Ne4 f5 15.
exf6 exf6 16. Qd2 f5 17. Nc5 f4 18. Rad1 Qd6 19. c4 Nf6 20. Rfe1 b6 21. Nd3 Ng4
22. Nde5 Nxf2 23. Kxf2 Bb7 24. Kg1 Rad8 25. Qe2 a5 26. Qe4 Qc7 27. Kh1 Rde8 28.
Qd3 c5 29. h3 cxd4 30. Qxd4 Bxf3 31. Nxf3 0-1

[Event "European Blitz 2022"]
[Site "Katowice POL"]
[Date "2022.12.16"]
[Round "9.47"]
[White "De Filomeno, Simone"]
[Black "Kovalevsky, Stanislav"]
[Result "0-1"]
[WhiteTitle "IM"]
[BlackTitle "FM"]
[WhiteElo "2450"]
[BlackElo "2237"]
[WhiteFideId "828688"]
[BlackFideId "13508598"]
[EventDate "2022.12.16"]

1. d4 Nf6 2. c4 e6 3. Nf3 d5 4. g3 c6 5. Nbd2 Nbd7 6. Bg2 Be7 7. O-O O-O 8. Qc2
Re8 9. e4 dxe4 10. Nxe4 Nxe4 11. Qxe4 Bf6 12. Rd1 Qb6 13. c5 Qd8 14. Bf4 Nf8 15.
h4 Ng6 16. Bd6 Ne7 17. Bxe7 Qxe7 18. Nd2 e5 19. d5 cxd5 20. Qxd5 Bg4 21. Qxb7
Qxc5 22. Ne4 Qb6 23. Qxb6 axb6 24. Nxf6+ gxf6 25. Rd6 Rab8 26. Rxf6 Kg7 27. Rd6
Red8 28. Rxd8 Rxd8 29. Re1 f6 30. Re4 Be6 31. Rb4 Bxa2 32. Rxb6 Rd1+ 33. Kh2 Rd2
34. Rb7+ Kg8 35. Be4 Rxf2+ 36. Kg1 Re2 37. Bxh7+ Kf8 38. Bf5 Bd5 39. Rb8+ Ke7
40. g4 e4 41. h5 e3 42. Rb5 Bf3 43. Rb3 Rg2+ 44. Kh1 Rxb2+ 45. Kg1 Rxb3 0-1

[Event "European Blitz 2022"]
[Site "Katowice POL"]
[Date "2022.12.16"]
[Round "9.48"]
[White "Skuhala, Barbara"]
[Black "Thorfinnsson, Bjorn"]
[Result "1/2-1/2"]
[WhiteTitle "WFM"]
[BlackTitle "IM"]
[WhiteElo "2103"]
[BlackElo "2374"]
[WhiteFideId "14605465"]
[BlackFideId "2300982"]
[EventDate "2022.12.16"]

1. e4 e5 2. Nf3 Nc6 3. d4 exd4 4. Nxd4 Nf6 5. Nxc6 bxc6 6. Bd3 d6 7. O-O Be7 8.
c4 O-O 9. Nc3 Re8 10. h3 Nd7 11. f4 Bf6 12. Be3 Bb7 13. Qc2 Bxc3 14. bxc3 f5 15.
e5 g6 16. Rad1 c5 17. Bf2 Qe7 18. exd6 cxd6 19. Rfe1 Qf8 20. Bf1 Nf6 21. Rxe8
Rxe8 22. Qd2 Ne4 23. Qc2 Qf6 24. Rc1 Qe6 25. Bd3 Nxf2 26. Qxf2 Qe3 27. Qxe3 Rxe3
28. Rd1 Rg3 29. Rd2 Bxg2 30. Kh2 Rxh3+ 31. Kxg2 Re3 32. Kf2 Rh3 33. Kg2 Re3 34.
Kf2 Rh3 35. Kg2 Re3 1/2-1/2

[Event "European Blitz 2022"]
[Site "Katowice POL"]
[Date "2022.12.16"]
[Round "9.49"]
[White "Redzisz, Michal"]
[Black "Arkell, Keith C"]
[Result "0-1"]
[WhiteTitle "FM"]
[BlackTitle "GM"]
[WhiteElo "2260"]
[BlackElo "2406"]
[WhiteFideId "21816107"]
[BlackFideId "400270"]
[EventDate "2022.12.16"]

1. d4 e6 2. c4 Bb4+ 3. Bd2 Bxd2+ 4. Qxd2 Nf6 5. Nc3 d6 6. g3 Qe7 7. Bg2 e5 8. d5
O-O 9. e4 a5 10. Nge2 Na6 11. O-O Nc5 12. Nc1 c6 13. Nd3 Nxd3 14. Qxd3 cxd5 15.
cxd5 Bd7 16. a4 Qd8 17. Nb5 Qb6 18. h3 Rfc8 19. Rfc1 Rc5 20. Bf1 Rac8 21. Rxc5
Qxc5 22. Ra3 Bxb5 23. axb5 Qb4 24. f3 Qxb2 25. Rxa5 h6 26. Ra7 Rc3 27. Qe2 Rc2
28. Qd3 Nh5 29. f4 Rc3 30. Qe2 Qxe2 31. Bxe2 Nxg3 32. Bg4 exf4 33. Rxb7 g6 34.
b6 Rb3 35. Rb8+ Kg7 36. b7 Nxe4 37. Bc8 Nc5 38. Kf2 Kf6 39. h4 g5 40. h5 Ke5 41.
Bg4 Rxb7 42. Re8+ Kd4 0-1

[Event "European Blitz 2022"]
[Site "Katowice POL"]
[Date "2022.12.16"]
[Round "9.50"]
[White "Kos, Pawel"]
[Black "Diermair, Andreas"]
[Result "1/2-1/2"]
[BlackTitle "GM"]
[WhiteElo "2234"]
[BlackElo "2446"]
[WhiteFideId "1120085"]
[BlackFideId "1612468"]
[EventDate "2022.12.16"]

1. Nf3 d5 2. g3 Nd7 3. d3 Ngf6 4. Bg2 e5 5. Nfd2 Bc5 6. O-O h5 7. e3 h4 8. c4
hxg3 9. hxg3 c6 10. cxd5 cxd5 11. Nc3 Nb6 12. d4 exd4 13. exd4 Bxd4 14. Nb5 Bc5
15. Qc2 Bd6 16. Re1+ Kf8 17. a4 Bh3 18. Bf3 Be7 19. a5 Rc8 20. Qd3 Nbd7 21. Nxa7
Ra8 22. Nb5 Rxa5 23. Rxa5 Qxa5 24. b4 Bxb4 25. Nb3 Qb6 26. Be3 Qe6 27. Bd2 Qxe1+
28. Bxe1 Bxe1 29. Qe3 Bb4 30. N3d4 g6 31. Qf4 Kg7 32. Ne6+ Bxe6 33. Qxb4 Ne5 34.
Nd4 Bd7 35. Bg2 Rc8 36. Ne2 Rc2 37. Bf1 Nf3+ 38. Kg2 Ne5 39. Kg1 Nf3+ 40. Kg2
Ne5 1/2-1/2

[Event "European Blitz 2022"]
[Site "Katowice POL"]
[Date "2022.12.16"]
[Round "9.51"]
[White "Tisaj, Domen"]
[Black "Varvadoukas, Theodoros"]
[Result "0-1"]
[WhiteTitle "FM"]
[WhiteElo "2396"]
[BlackElo "2109"]
[WhiteFideId "14628708"]
[BlackFideId "4210735"]
[EventDate "2022.12.16"]

1. d4 Nf6 2. c4 c5 3. d5 b5 4. cxb5 a6 5. f3 e6 6. e4 c4 7. Bxc4 Bc5 8. Ne2 Qb6
9. Nbc3 axb5 10. Bxb5 O-O 11. a4 exd5 12. exd5 d6 13. Bf4 Bf5 14. Kf1 Na6 15. g4
Bg6 16. h4 Nb4 17. h5 Bc2 18. Qd2 Bb3 19. h6 g6 20. Kg2 Nfxd5 21. Ne4 f5 22.
Nxc5 dxc5 23. Be5 fxg4 24. f4 Rad8 25. Qe1 Qb7 26. Kh2 Ne3 27. Qg3 Nf5 28. Qxg4
Rd2 29. Bc3 Rd6 30. Rhe1 Be6 31. Qg2 Qe7 32. Kg1 Qh4 33. Nc1 Bd5 34. Qh2 Qg4+
35. Kf2 Qf3+ 36. Kg1 Nh4 37. Be2 Qe3+ 38. Kf1 Bg2+ 39. Qxg2 Nxg2 40. Kxg2 Qxf4
41. Nb3 Qf2+ 42. Kh1 Rf4 0-1

[Event "European Blitz 2022"]
[Site "Katowice POL"]
[Date "2022.12.16"]
[Round "9.52"]
[White "Gregoric, Andraz"]
[Black "Spalir, Jernej"]
[Result "0-1"]
[BlackTitle "IM"]
[WhiteElo "2225"]
[BlackElo "2377"]
[WhiteFideId "14629461"]
[BlackFideId "14606518"]
[EventDate "2022.12.16"]

1. e4 e5 2. Nf3 Nc6 3. Bb5 a6 4. Ba4 Nf6 5. d3 b5 6. Bb3 Be7 7. a4 b4 8. a5 O-O
9. O-O d5 10. Nbd2 Re8 11. Ba4 Bb7 12. Bxc6 Bxc6 13. Nxe5 Bb7 14. exd5 Nxd5 15.
Ndf3 Bd6 16. d4 c5 17. Nc4 Bf8 18. Bg5 Qc7 19. Ne3 f6 20. Nxd5 Bxd5 21. Be3 c4
22. c3 bxc3 23. bxc3 Rab8 24. Nh4 Bd6 25. g3 g6 26. Ng2 Rb3 27. Qd2 Reb8 28. Nf4
Bf3 29. d5 Rb2 30. Qd4 Be5 31. Qc5 Bxf4 32. gxf4 Qd7 0-1

[Event "European Blitz 2022"]
[Site "Katowice POL"]
[Date "2022.12.16"]
[Round "9.54"]
[White "Stremavicius, Pijus"]
[Black "Trybus, Daniel"]
[Result "1-0"]
[WhiteTitle "FM"]
[WhiteElo "2369"]
[BlackElo "2258"]
[WhiteFideId "12812730"]
[BlackFideId "21816131"]
[EventDate "2022.12.16"]

1. e4 c5 2. Nf3 d6 3. Bb5+ Bd7 4. Bxd7+ Qxd7 5. c4 Nf6 6. Nc3 Nc6 7. d4 cxd4 8.
Nxd4 e6 9. O-O Be7 10. b3 O-O 11. Bb2 a6 12. Nc2 Rac8 13. Qd2 b5 14. cxb5 axb5
15. Nxb5 Nxe4 16. Qe2 d5 17. Rfd1 Bc5 18. Qxe4 Qb7 19. Qe2 Ne5 20. Qxe5 Bxf2+
21. Kh1 f6 22. Qxe6+ Kh8 23. Ncd4 Rce8 24. Qf5 Be3 25. Nd6 Qb6 26. Nxe8 Rxe8 27.
Nf3 Qc7 28. Qxd5 Bf4 29. h3 h6 30. Qc4 Qb8 31. Nh4 Bg5 32. Nf5 Rc8 33. Qf7 Rc7
34. Qd5 Kh7 35. Qd3 Kg8 1-0

[Event "European Blitz 2022"]
[Site "Katowice POL"]
[Date "2022.12.16"]
[Round "9.55"]
[White "Plaskan, Jure"]
[Black "Jaskolka, Tomasz"]
[Result "0-1"]
[BlackTitle "CM"]
[WhiteElo "2241"]
[BlackElo "2188"]
[WhiteFideId "14605252"]
[BlackFideId "1170791"]
[EventDate "2022.12.16"]

1. e4 c5 2. Nf3 e6 3. d4 cxd4 4. Nxd4 Nc6 5. Nb5 d6 6. c4 Nf6 7. N1c3 a6 8. Na3
Be7 9. Be2 Qa5 10. O-O O-O 11. Be3 Bd7 12. Qb3 Qb4 13. Rfd1 Qxb3 14. axb3 Rfc8
15. Na4 Nxe4 16. Nb6 Rd8 17. Nxa8 Rxa8 18. f3 Nf6 19. Bf4 d5 20. Nc2 e5 21. Bg5
d4 22. Bd3 h6 23. Bxf6 Bxf6 24. Be4 Be7 25. Ne3 Bc5 26. Nd5 f5 27. Bd3 Re8 28.
Re1 Nb4 29. Nxb4 Bxb4 30. Re2 Kf7 31. Rd1 Kf6 32. Kf2 Bc6 33. Bb1 Bc5 34. Ke1 e4
35. fxe4 fxe4 36. Rf2+ Ke6 37. Rf4 g5 38. Rf1 d3 39. g4 Bb4+ 40. Kf2 Ke5 41. Kg3
Kd4 42. Rf6 d2 43. Kf2 Bd7 44. h3 b5 45. Ke2 bxc4 46. bxc4 e3 47. b3 Ke5 48.
Rxa6 Bc5 49. Bf5 Bxf5 50. gxf5 Rf8 51. Ra5 Kd4 52. b4 Rxf5 53. Rxd2+ exd2 54.
Rxc5 Rxc5 55. bxc5 Kxc5 56. Kxd2 Kxc4 57. Ke3 Kd5 58. h4 g4 59. h5 Ke5 60. Kf2
Kf4 0-1

[Event "European Blitz 2022"]
[Site "Katowice POL"]
[Date "2022.12.16"]
[Round "9.56"]
[White "Nazarova, Anastasia"]
[Black "Mis, Mieszko"]
[Result "1/2-1/2"]
[WhiteTitle "WFM"]
[BlackTitle "FM"]
[WhiteElo "2196"]
[BlackElo "2389"]
[WhiteFideId "34101737"]
[BlackFideId "1196448"]
[EventDate "2022.12.16"]

1. e4 c6 2. d4 d5 3. exd5 cxd5 4. Bd3 Nc6 5. c3 g6 6. Bf4 Bh6 7. Qd2 Bxf4 8.
Qxf4 Qb6 9. Qd2 Bf5 10. Bxf5 gxf5 11. Ne2 Nf6 12. f3 Rg8 13. Nf4 e6 14. Na3 Ne7
15. O-O-O O-O-O 16. Nc2 Kb8 17. Kb1 Rc8 18. Ne3 Nc6 19. Rhe1 Qc7 20. g3 Ne8 21.
Rc1 Nd6 22. Qd3 Na5 23. b3 Qb6 24. Ka1 Rc6 25. Re2 Rgc8 26. Rb2 Nb5 27. Ne2 Qa6
28. a4 Nxb3+ 29. Rxb3 Qxa4+ 30. Kb2 Ra6 31. Rb1 Na3 32. Kc1 Nxb1 33. Qxb1 b6 34.
Kd2 Qa2+ 35. Qxa2 Rxa2+ 36. Nc2 Kb7 37. Kd3 a5 38. Nc1 Ra4 39. Rb2 Rac4 40. Ne2
Ka6 41. Na3 R4c6 42. Rb3 h5 43. Rb2 h4 44. f4 hxg3 45. hxg3 Rh8 46. Ng1 Rh1 47.
Nf3 Rd1+ 48. Ke2 Rc1 49. Nb1 a4 50. Ne1 R1xc3 51. Nxc3 Rxc3 52. Nd3 a3 53. Ra2
Ka5 54. Kd2 Rb3 55. Kc2 Ka4 56. Ra1 f6 57. Ra2 Rb5 58. Ra1 Rb3 59. Ra2 Rb5 60.
Kc3 Rb3+ 61. Kc2 Rb5 62. Ra1 Rb3 63. Ra2 1/2-1/2

[Event "European Blitz 2022"]
[Site "Katowice POL"]
[Date "2022.12.16"]
[Round "9.57"]
[White "Hulka, Valentyn"]
[Black "Drazic, Sinisa"]
[Result "1-0"]
[WhiteTitle "CM"]
[BlackTitle "GM"]
[WhiteElo "2222"]
[BlackElo "2372"]
[WhiteFideId "34107061"]
[BlackFideId "901172"]
[EventDate "2022.12.16"]

1. e4 c5 2. Nf3 e6 3. g3 d6 4. Bg2 b5 5. c3 Bb7 6. Qe2 Nd7 7. d4 cxd4 8. cxd4 b4
9. O-O Ngf6 10. e5 Nd5 11. Nbd2 Be7 12. Ne4 dxe5 13. dxe5 Qb6 14. Rd1 a5 15. Bg5
Ba6 16. Qe1 Nc5 17. Bxe7 Nxe4 18. Qxe4 Kxe7 19. Qh4+ Kf8 20. Rac1 h6 21. Nd4 Bb7
22. Qh5 g6 23. Qe2 Kg7 24. Qb5 Qxb5 25. Nxb5 Rab8 26. Nd6 Ba8 27. Rc5 a4 28. Ra5
a3 29. bxa3 Nc3 30. Re1 Bxg2 31. Kxg2 Ra8 32. axb4 Rxa5 33. bxa5 Ra8 34. Rc1 Nd5
35. Rc5 g5 36. Kf3 Kg6 37. Ke4 g4 38. Nc4 Nc3+ 39. Kf4 h5 40. Nb6 Nd5+ 41. Rxd5 1-0

[Event "European Blitz 2022"]
[Site "Katowice POL"]
[Date "2022.12.16"]
[Round "9.58"]
[White "Seemann, Jakub"]
[Black "Jonsson, Gauti Pall"]
[Result "1-0"]
[WhiteTitle "FM"]
[WhiteElo "2365"]
[BlackElo "2045"]
[WhiteFideId "21874697"]
[BlackFideId "2309092"]
[EventDate "2022.12.16"]

1. e4 c5 2. Nf3 Nc6 3. Bb5 g6 4. O-O Bg7 5. c3 Nf6 6. Re1 O-O 7. d4 d5 8. e5 Ne4
9. Bxc6 bxc6 10. Be3 cxd4 11. cxd4 f6 12. exf6 exf6 13. Nc3 Nxc3 14. bxc3 Ba6
15. Qd2 Qd7 16. Bh6 Rfe8 17. Bxg7 Kxg7 18. Qf4 Bc4 19. h4 h6 20. a4 a5 21. Nd2
Bd3 22. Nb3 Rxe1+ 23. Rxe1 Re8 24. Rxe8 Qxe8 25. Nxa5 Qe1+ 26. Kh2 Qxc3 27. Qc7+
Kg8 28. Nxc6 Qd2 29. Ne7+ Kf7 30. Nf5+ Ke6 31. Ng7# 1-0

[Event "European Blitz 2022"]
[Site "Katowice POL"]
[Date "2022.12.16"]
[Round "9.59"]
[White "Grzesik, Gracjan"]
[Black "Orzech, Dominik"]
[Result "0-1"]
[BlackTitle "IM"]
[WhiteElo "2148"]
[BlackElo "2313"]
[WhiteFideId "1194593"]
[BlackFideId "1115065"]
[EventDate "2022.12.16"]

1. c4 Nf6 2. Nc3 g6 3. g3 Bg7 4. Bg2 O-O 5. d4 c5 6. e3 Nc6 7. Nge2 d6 8. O-O
Bd7 9. b3 Qc8 10. Re1 Bh3 11. Bh1 Bg4 12. Bb2 a6 13. Rc1 Rd8 14. Qd2 Bh6 15. Nd5
Qf5 16. Nxf6+ exf6 17. a3 Rac8 18. Qc2 Qg5 19. Nf4 Bf5 20. e4 Bd7 21. dxc5 dxc5
22. Nd5 Nd4 23. Bxd4 cxd4 24. Ne7+ Kg7 25. Nxc8 Bxc8 26. Rcd1 Qc5 27. b4 Qc7 28.
c5 Be6 29. Rd3 b6 30. Red1 bxc5 31. Qxc5 Qb7 32. Rxd4 Rc8 33. Qd6 Kg8 34. R4d3
Bf8 35. Qd4 a5 36. bxa5 Be7 37. e5 Qa6 38. exf6 Bc5 39. Qd8+ Bf8 40. Qb6 Qc4 41.
a6 h5 42. a7 Bc5 43. Qb2 Bxa7 44. Qb7 Qc5 45. Rd8+ Kh7 46. Rxc8 Qxf2# 0-1

[Event "European Blitz 2022"]
[Site "Katowice POL"]
[Date "2022.12.16"]
[Round "9.60"]
[White "Walter, Szymon"]
[Black "Sidletskyi, Ivan"]
[Result "0-1"]
[WhiteTitle "FM"]
[WhiteElo "2327"]
[BlackElo "2152"]
[WhiteFideId "1172590"]
[BlackFideId "14156024"]
[EventDate "2022.12.16"]

1. e4 c5 2. Nc3 Nc6 3. f4 g6 4. Nf3 Bg7 5. Bb5 Nd4 6. O-O a6 7. Bc4 b5 8. Bd5
Ra7 9. d3 e6 10. Bb3 Ne7 11. Nxd4 cxd4 12. Ne2 O-O 13. f5 exf5 14. Bg5 d6 15.
exf5 Bxf5 16. Rxf5 gxf5 17. Ng3 Qe8 18. Qh5 Ng6 19. Nxf5 Be5 20. Rf1 Kh8 21.
Nxd6 Bxd6 22. Bf6+ Kg8 23. Qh6 Qe3+ 24. Qxe3 dxe3 25. Re1 Be5 26. Bxe5 Nxe5 27.
Rxe3 Ng6 28. Rf3 Re7 29. g3 Kg7 30. h4 Rd8 31. h5 Ne5 32. Rf5 f6 33. Rf4 Rd4 34.
Rf5 Ng4 35. Rf1 Re5 36. Rd1 Rxh5 37. c3 Rd6 38. d4 Ne3 39. Rd3 Nc4 40. Kg2 Nxb2
41. Re3 Kf8 42. g4 Rg5 43. Kf3 Nc4 44. Re2 h5 45. gxh5 Rxh5 46. a4 Rh3+ 47. Kg4
Rxc3 48. Ba2 Rxd4+ 49. Kf5 Rf3+ 50. Kg6 Rg4+ 51. Kh5 Rg5+ 52. Kh4 Ne5 0-1

[Event "European Blitz 2022"]
[Site "Katowice POL"]
[Date "2022.12.16"]
[Round "9.61"]
[White "Radecki, Adam"]
[Black "Ternault, Mathieu"]
[Result "1-0"]
[BlackTitle "FM"]
[WhiteElo "2012"]
[BlackElo "2351"]
[WhiteFideId "1197347"]
[BlackFideId "20641532"]
[EventDate "2022.12.16"]

1. e4 Nc6 2. d3 Nf6 3. Nd2 d5 4. g3 dxe4 5. dxe4 e5 6. Bg2 Bc5 7. h3 O-O 8. Ngf3
Qe7 9. O-O a5 10. c3 a4 11. Qc2 b6 12. Rd1 Rd8 13. Nh4 Ba6 14. Nf1 Bd6 15. Bg5
Qe6 16. Nf5 h6 17. Bxf6 Qxf6 18. N1e3 Bb7 19. Nd5 Qe6 20. Nxd6 Qxd6 21. Nxb6 Qc5
22. Nxa8 Rxa8 23. Rd5 Qb6 24. Rad1 f6 25. Rd7 Bc8 26. R7d5 Be6 27. Qd2 Rb8 28.
b3 axb3 29. axb3 Qxb3 30. Rc5 Qb6 31. Qe3 Ra8 32. Bf1 Kh8 33. Rb5 Qxe3 34. fxe3
Ne7 35. Rb7 Ng6 36. Rxc7 Ra2 37. Rd6 Bb3 38. Rd8+ Kh7 39. Rdd7 Kh8 40. Rxg7 Nf8
41. Rge7 Ra1 42. Re8 Kg8 43. Rcc8 Kg7 44. Rxf8 Bc4 45. Rxc4 Kxf8 46. Rc7 1-0

[Event "European Blitz 2022"]
[Site "Katowice POL"]
[Date "2022.12.16"]
[Round "9.62"]
[White "Gvetadze, Sofio"]
[Black "Kucharska, Honorata"]
[Result "1-0"]
[WhiteTitle "IM"]
[BlackTitle "WFM"]
[WhiteElo "2298"]
[BlackElo "2180"]
[WhiteFideId "13601440"]
[BlackFideId "1163868"]
[EventDate "2022.12.16"]

1. Nf3 Nf6 2. g3 g6 3. Bg2 Bg7 4. O-O O-O 5. d3 d6 6. c4 e5 7. Nc3 Nc6 8. Bd2
Be6 9. Rb1 a5 10. a3 Qd7 11. Ng5 Bf5 12. e4 Be6 13. Nxe6 Qxe6 14. Nd5 Rac8 15.
f4 exf4 16. Nxf4 Qd7 17. Bh3 Qe7 18. Bxc8 Rxc8 19. Bc3 Ne5 20. Bxa5 c5 21. Bc3
Qd7 22. Qe2 b5 23. Bxe5 dxe5 24. Nd5 Nxd5 25. cxd5 Bh6 26. Rf6 Bg5 27. Rf3 c4
28. Rbf1 cxd3 29. Qxd3 Rf8 30. h4 Bd8 31. Kg2 Bb6 32. Rf6 Bd4 33. Qc2 Qg4 34. b3
Kg7 35. Qd3 Qd7 36. Rc6 Qa7 37. b4 Qa4 38. Qf3 Qa7 39. Qf6+ Kg8 40. Rfc1 Qxa3
41. Rc8 Qb2+ 42. Kh3 Qxb4 43. Rxf8+ Qxf8 44. d6 b4 45. d7 Bb6 46. Qxb6 1-0

[Event "European Blitz 2022"]
[Site "Katowice POL"]
[Date "2022.12.16"]
[Round "9.63"]
[White "Muter, Donny"]
[Black "Sowinski, Pawel"]
[Result "0-1"]
[WhiteElo "2206"]
[BlackElo "2064"]
[WhiteFideId "409170"]
[BlackFideId "21881979"]
[EventDate "2022.12.16"]

1. d4 Nf6 2. Nf3 e6 3. Bg5 d5 4. e3 Be7 5. Bd3 O-O 6. Nbd2 c5 7. c3 Nc6 8. O-O
b6 9. Qe2 Bb7 10. Rfe1 h6 11. Bf4 Rc8 12. Rad1 Nh5 13. Be5 cxd4 14. exd4 Nxe5
15. Qxe5 Nf6 16. Qe2 Bd6 17. Ne5 Bxe5 18. Qxe5 Nd7 19. Qg3 Qg5 20. Qh3 Nf6 21.
f3 Nh5 22. g3 Nf4 23. Qf1 Nxd3 24. Qxd3 Rc7 25. Re5 Qf6 26. f4 g6 27. h4 h5 28.
Nf3 Kg7 29. Ng5 Re7 30. Rde1 Rfe8 31. Kh2 Bc6 32. Nf3 Rc7 33. Rg5 a6 34. Ne5 Bb5
35. Qd2 a5 36. Nf3 a4 37. Rge5 Rec8 38. Ng5 Rc6 39. a3 Bc4 40. Qd1 b5 41. Qf3
Bb3 0-1

[Event "European Blitz 2022"]
[Site "Katowice POL"]
[Date "2022.12.16"]
[Round "9.64"]
[White "Wisniewski, Michal"]
[Black "Grochol, Kamil"]
[Result "1-0"]
[WhiteTitle "FM"]
[WhiteElo "2168"]
[BlackElo "2030"]
[WhiteFideId "1159682"]
[BlackFideId "21819629"]
[EventDate "2022.12.16"]

1. Nf3 d5 2. d3 Nf6 3. g3 e6 4. Bg2 Be7 5. O-O O-O 6. Nbd2 c5 7. c3 Nc6 8. e4
Qc7 9. Qc2 b5 10. Re1 Bb7 11. exd5 Nxd5 12. Ne4 h6 13. a3 Rfd8 14. c4 bxc4 15.
dxc4 Nf6 16. Bf4 Qb6 17. Nc3 Nd4 18. Nxd4 Rxd4 19. Na4 Qa6 20. Bxb7 Qxb7 21. Be3
Qe4 22. Qb3 Rd3 23. Qb5 a6 24. Qa5 Rad8 25. Bxc5 Qb7 26. Bxe7 Qxe7 27. Qxa6 Ng4
28. Qb6 Rd2 29. Rf1 Qg5 30. Nc3 Qh5 31. h4 g5 32. Qc5 Kg7 33. Ne4 R2d4 34. f3
Rxe4 35. fxe4 Nf6 36. Qe5 Rd2 37. Qxf6+ Kg8 38. Qf3 Qg6 39. h5 Qg7 40. Qf6 Qf8
41. Rad1 Qc5+ 42. Kh1 Qc6 43. Qxf7+ 1-0

[Event "European Blitz 2022"]
[Site "Katowice POL"]
[Date "2022.12.16"]
[Round "9.65"]
[White "Piotrowski, Daniel"]
[Black "Grabarczyk, Miroslaw"]
[Result "0-1"]
[BlackTitle "GM"]
[WhiteElo "1763"]
[BlackElo "2337"]
[WhiteFideId "21815780"]
[BlackFideId "1101684"]
[EventDate "2022.12.16"]

1. e4 e5 2. Nf3 Nf6 3. Nc3 Nc6 4. d4 exd4 5. Nxd4 Bb4 6. Nxc6 bxc6 7. Bd3 d5 8.
exd5 cxd5 9. O-O O-O 10. Bg5 c6 11. Qf3 h6 12. Bxf6 Qxf6 13. Qxf6 gxf6 14. Ne2
Rb8 15. Nd4 Rb6 16. Nf5 Bxf5 17. Bxf5 Re8 18. Rad1 Re5 19. Bd3 Kf8 20. c3 Bd6
21. b3 a5 22. Rfe1 Rb8 23. g3 Ba3 24. c4 Bb4 25. Re2 Rbe8 26. Kf1 d4 27. Ra1 Bc3
28. Rd1 c5 29. h4 Bb4 30. Ra1 R8e7 31. Rc1 Ke8 32. Rcc2 Kd8 33. Bh7 Bc3 34. Bd3
Kc7 35. Bh7 Kd6 36. Bd3 Kc6 37. Bh7 Kb6 38. Bd3 a4 39. Bh7 Ka5 40. bxa4 Kxa4 41.
f4 Re3 42. Kf2 Kb4 43. Bf5 Kxc4 44. Rxe3 Rxe3 45. Re2 Rxe2+ 46. Kxe2 Kd5 47. Bh7
c4 48. Bg8 Ke6 49. Bh7 Bb4 50. a4 Ba5 51. Be4 f5 52. Bc6 Kd6 53. Bb5 Kc5 54. Be8
f6 55. Bd7 d3+ 56. Kd1 Kd4 57. Bxf5 c3 58. g4 c2+ 59. Kc1 Kc3 0-1

[Event "European Blitz 2022"]
[Site "Katowice POL"]
[Date "2022.12.16"]
[Round "9.66"]
[White "Martinez Pla, Xavier"]
[Black "Starosta, Martyna"]
[Result "0-1"]
[WhiteTitle "FM"]
[BlackTitle "WCM"]
[WhiteElo "2277"]
[BlackElo "1991"]
[WhiteFideId "32074271"]
[BlackFideId "21818754"]
[EventDate "2022.12.16"]

1. e4 e6 2. d4 d5 3. Bd3 c5 4. exd5 exd5 5. Nf3 Nf6 6. O-O c4 7. Re1+ Be7 8. Bf1
O-O 9. b3 cxb3 10. axb3 Bg4 11. Bb2 Nc6 12. Be2 Bd6 13. c4 Bb4 14. Rf1 Ne4 15.
c5 Qf6 16. Ne5 Bxe2 17. Qxe2 Nxe5 18. dxe5 Qe6 19. Na3 Bxc5 20. Nc2 Qh6 21. Nd4
Rfe8 22. Rac1 Bb6 23. Qb5 Nxf2 24. Kxf2 Qd2+ 25. Qe2 Bxd4+ 26. Bxd4 Qxd4+ 27.
Qe3 Qxe5 28. Qxe5 Rxe5 29. Rfd1 Rae8 30. Rc7 Rf5+ 31. Kg1 Rb8 32. Rd7 Kf8 33.
R7xd5 Rxd5 34. Rxd5 Ke7 35. Kf2 b6 36. Rd3 a5 37. Rc3 Rb7 38. Rc8 b5 39. Ke3 a4
40. bxa4 bxa4 41. Ra8 Rb3+ 42. Kf2 a3 43. h3 Rb2+ 44. Kg3 a2 45. Ra6 f6 46. Ra8
Kf7 47. Ra5 Kg6 48. Ra6 h5 49. Ra5 Kh6 50. Ra6 g6 51. Kh2 Kg5 52. Ra4 h4 53. Ra8
f5 54. Ra4 f4 55. Ra5+ Kf6 56. Ra6+ Ke5 57. Ra5+ Kd6 58. Ra6+ Kc5 59. Ra8 f3 60.
Rc8+ Kd6 61. Rd8+ Kc7 62. Ra8 Rxg2+ 63. Kh1 Rb2 64. Ra3 Kd6 65. Ra4 Ke5 66. Kg1
Rb1+ 67. Kh2 Rb2+ 68. Kg1 Kf5 69. Kh1 f2 70. Kg2 f1=Q+ 71. Kxf1 Rb1+ 72. Kg2
a1=Q 0-1

[Event "European Blitz 2022"]
[Site "Katowice POL"]
[Date "2022.12.16"]
[Round "9.67"]
[White "Reza, Wojciech"]
[Black "Dragnev, Valentin"]
[Result "1-0"]
[WhiteTitle "FM"]
[BlackTitle "GM"]
[WhiteElo "2290"]
[BlackElo "2556"]
[WhiteFideId "1151967"]
[BlackFideId "1634852"]
[EventDate "2022.12.16"]

1. c4 Nf6 2. Nf3 e6 3. Nc3 Bb4 4. Qc2 O-O 5. e4 d6 6. d3 c5 7. a3 Ba5 8. g3 Nc6
9. Bg2 Nd4 10. Qd1 Bd7 11. O-O Bc6 12. Nxd4 cxd4 13. Ne2 Bb6 14. h3 d5 15. cxd5
exd5 16. e5 Nd7 17. f4 Nc5 18. b3 Bb5 19. Rf3 Ne4 20. a4 Ba6 21. b4 Nc3 22. Qd2
Ne4 23. Qe1 Rc8 24. b5 Ba5 25. Qd1 Nc3 26. Qf1 Nxe2+ 27. Qxe2 Bc3 28. Rb1 Qa5
29. bxa6 bxa6 30. Qa2 Rb8 31. Rxb8 Rxb8 32. Rf1 Rd8 33. f5 Qc7 34. Bf4 Qc5 35.
e6 fxe6 36. fxe6 Kh8 37. Kh2 h6 38. h4 Qc6 39. Bh3 Qc5 40. Qe2 Re8 41. Qh5 Rf8
42. Be5 Kg8 43. Qg6 Qe7 44. Rf7 Rxf7 45. exf7+ 1-0